[Event "XXXVI Olimpiadi"]
[Site "Calvia' ESP"]
[Date "2004.10.26"]
[Round "11.1"]
[White "Michelakis, George"]
[Black "Godena, Michele"]
[Result "0-1"]
[WhiteElo "2438"]
[BlackElo "2550"]
[Annotator "ITA-RSA"]
[PlyCount "90"]
[EventDate "2004.10.15"]

1.c4 e6 2.d4 d5 3.Nc3 a6 4.cxd5 exd5 5.Nf3 c6 6.Bf4 Bd6 7.Bxd6 Qxd6 8.e4 
Ne7 9.e5 Qd8 10.Bd3 Bg4 11.O-O Nd7 12.Re1 Nf8 13.h3 Bh5 14.g4 Bg6 15.Nh4 
Ne6 16.Nf5 Nxf5 17.gxf5 Qg5+ 18.Qg4 Bh5 19.Qxg5 Nxg5 20.Re3 Nf3+ 21.Rxf3 
Bxf3 22.Kh2 Rd8 23.Kg3 Be4 24.Bxe4 dxe4 25.Rd1 f6 26.e6 g6 27.Kf4 Ke7 28.
Kxe4 Rd6 29.Rg1 Rhd8 30.Ne2 gxf5+ 31.Kxf5 Rd5+ 32.Ke4 Rg5 33.Rxg5 fxg5 34.
f4 gxf4 35.Nxf4 Kf6 36.b4 Rf8 37.d5 Rd8 38.dxc6 bxc6 39.a3 Rd1 40.Nd3 Kxe6
41.Nc5+ Kd6 42.a4 a5 43.Nb7+ Kc7 44.Nxa5 Ra1 45.Kd4 Rxa4 0-1

[Event "XXXVI Olimpiadi"]
[Site "Calvia' ESP"]
[Date "2004.10.26"]
[Round "11.3"]
[White "Solomon, Kenny"]
[Black "D'Amore, Carlo"]
[Result "1/2-1/2"]
[WhiteElo "2358"]
[BlackElo "2448"]
[Annotator "ITA-RSA"]
[PlyCount "49"]
[EventDate "2004.10.15"]

1.Nf3 Nf6 2.c4 g6 3.g3 Bg7 4.Bg2 c5 5.O-O O-O 6.Nc3 d5 7.cxd5 Nxd5 8.Nxd5 
Qxd5 9.d3 Nc6 10.Be3 Qd6 11.Rc1 Nd4 12.Nxd4 cxd4 13.Bd2 Qb6 14.Qb3 Qxb3 
15.axb3 Be5 16.Ba5 Bg4 17.h3 Be6 18.Bc7 Bxc7 19.Rxc7 Rac8 20.Rxb7 Rc2 21.
Re1 Re8 22.Rxa7 Rxb2 23.Rb7 Rxb3 24.Rxb3 Bxb3 25.Rb1 1/2-1/2

[Event "XXXVI Olimpiadi"]
[Site "Calvia' ESP"]
[Date "2004.10.26"]
[Round "11.4"]
[White "Borgo, Giulio"]
[Black "Solomons, Deon"]
[Result "0-1"]
[WhiteElo "2388"]
[BlackElo "2249"]
[Annotator "ITA-RSA"]
[PlyCount "80"]
[EventDate "2004.10.15"]

1.e4 c5 2.Nf3 Nc6 3.Bb5 e6 4.Bxc6 bxc6 5.O-O d6 6.e5 d5 7.c4 Ne7 8.d3 Ng6 
9.Nc3 Be7 10.b3 O-O 11.Na4 f6 12.Bb2 d4 13.Ba3 fxe5 14.Nd2 Bd7 15.Ne4 Nf4 
16.Bxc5 Be8 17.g3 Nh5 18.Qg4 Rf5 19.Rae1 Nf6 20.Qe2 Nxe4 21.Bxe7 Qxe7 22.
Qxe4 Rc8 23.f3 c5 24.g4 Bc6 25.Qe2 Rg5 26.h4 Rg6 27.Qh2 Rf8 28.Rxe5 Rxf3 
29.Rxf3 Bxf3 30.g5 h6 31.Qf4 Qd6 32.Nxc5 Ba8 33.Kf2 Kh7 34.Ke1 Qb6 35.Qxd4
Qa5+ 36.Kf2 hxg5 37.hxg5 Qd2+ 38.Re2 Qxg5 39.Ke1 Qc1+ 40.Kf2 Rg2# 0-1

[Event "XXXVI Olimpiadi"]
[Site "Calvia' ESP"]
[Date "2004.10.27"]
[Round "12.1"]
[White "Mateo, Ramon"]
[Black "Godena, Michele"]
[Result "1/2-1/2"]
[WhiteElo "2453"]
[BlackElo "2550"]
[Annotator "ITA-DOM"]
[PlyCount "36"]
[EventDate "2004.10.15"]

1.d4 d5 2.Nf3 Nf6 3.Bg5 Ne4 4.Bh4 Qd6 5.c3 Qh6 6.Bg3 Nxg3 7.fxg3 Nd7 8.Qd2
Qf6 9.c4 dxc4 10.e4 e5 11.Bxc4 exd4 12.O-O Bc5 13.e5 Qe7 14.Bxf7+ Qxf7 15.
e6 Qf6 16.exd7+ Bxd7 17.Re1+ Be7 18.Qb4 Qd6 1/2-1/2

[Event "XXXVI Olimpiadi"]
[Site "Calvia' ESP"]
[Date "2004.10.27"]
[Round "12.2"]
[White "Arlandi, Ennio"]
[Black "Alvarado, Nelson"]
[Result "1-0"]
[WhiteElo "2440"]
[BlackElo "2290"]
[Annotator "ITA-DOM"]
[PlyCount "67"]
[EventDate "2004.10.15"]

1.d4 d5 2.c4 c6 3.Nf3 Nf6 4.e3 e6 5.Bd3 dxc4 6.Bxc4 b5 7.Bd3 a6 8.a4 Bb7 
9.O-O Nbd7 10.e4 Be7 11.Qe2 O-O 12.e5 Nd5 13.Qe4 g6 14.Bh6 c5 15.Bxf8 Bxf8
16.axb5 axb5 17.Nbd2 c4 18.Bc2 N7b6 19.h4 b4 20.Qg4 h5 21.Qg3 Ne7 22.Rxa8 
Qxa8 23.Ng5 b3 24.Bb1 Bg7 25.Rc1 Bd5 26.Qf4 Nf5 27.Nde4 Na4 28.Nf6+ Bxf6 
29.exf6 Qd8 30.Bxf5 exf5 31.Re1 Nxb2 32.Re7 Nd3 33.Qe3 Qf8 34.Re8 1-0

[Event "XXXVI Olimpiadi"]
[Site "Calvia' ESP"]
[Date "2004.10.27"]
[Round "12.3"]
[White "Puntier, William"]
[Black "D'Amore, Carlo"]
[Result "0-1"]
[WhiteElo "2255"]
[BlackElo "2448"]
[Annotator "ITA-DOM"]
[PlyCount "68"]
[EventDate "2004.10.15"]

1.e4 e5 2.Nf3 Nc6 3.d4 exd4 4.Nxd4 Bc5 5.Nf5 d5 6.Nxg7+ Kf8 7.Nh5 Qh4 8.
Ng3 Nf6 9.Be2 dxe4 10.b4 Bxb4+ 11.c3 Bc5 12.Ba3 Bxa3 13.Nxa3 Qf4 14.Nc4 
Be6 15.Qd2 Qxd2+ 16.Nxd2 e3 17.fxe3 Nd5 18.e4 Nxc3 19.Bc4 Ne5 20.Bxe6 Nd3+
21.Kf1 fxe6 22.Ne2 Na4 23.Nc1 Ne5 24.Ncb3 c5 25.Rc1 Nd3 26.Ra1 Ke7 27.Ke2 
Rad8 28.Rhf1 Nc3+ 29.Ke3 Nb4 30.Rfc1 Rd3+ 31.Kf2 Rf8+ 32.Nf3 b6 33.a3 Nc6 
34.Kg1 Ne2+ 0-1

[Event "XXXVI Olimpiadi"]
[Site "Calvia' ESP"]
[Date "2004.10.27"]
[Round "12.4"]
[White "Sarno, Spartaco"]
[Black "Munoz Santana, Jose' Lisandro"]
[Result "1/2-1/2"]
[WhiteElo "2385"]
[BlackElo "2302"]
[Annotator "ITA-DOM"]
[PlyCount "41"]
[EventDate "2004.10.15"]

1.c4 Nf6 2.Nf3 c6 3.g3 d5 4.b3 dxc4 5.bxc4 e5 6.Qc2 Bc5 7.Nc3 Ng4 8.Nd1 
Qe7 9.Bb2 f6 10.Bg2 Na6 11.O-O O-O 12.d3 Bf5 13.Nc3 Rad8 14.Ne4 Bxe4 15.
dxe4 Rfe8 16.Rab1 Nh6 17.Ne1 Nf7 18.Nd3 Nb4 19.Qb3 Nxd3 20.exd3 b6 21.Rbd1
1/2-1/2

[Event "XXXVI Olimpiadi"]
[Site "Calvia' ESP"]
[Date "2004.10.28"]
[Round "13.1"]
[White "Godena, Michele"]
[Black "Ghaem Maghami, Ehsan"]
[Result "1/2-1/2"]
[WhiteElo "2550"]
[BlackElo "2558"]
[Annotator "ITA-IRI"]
[PlyCount "47"]
[EventDate "2004.10.15"]

1.e4 c5 2.c3 Nf6 3.e5 Nd5 4.Nf3 Nc6 5.d4 cxd4 6.cxd4 d6 7.Bc4 Nb6 8.Bb5 d5
9.Nc3 Bg4 10.h3 Bxf3 11.Qxf3 e6 12.O-O Be7 13.Qg3 Kf8 14.Bxc6 bxc6 15.Be3 
h5 16.Rac1 Rc8 17.b3 h4 18.Qg4 g6 19.Rc2 Kg7 20.Rfc1 Rh5 21.Qe2 Rh8 22.Qa6
c5 23.Na4 c4 24.Nxb6 1/2-1/2

[Event "XXXVI Olimpiadi"]
[Site "Calvia' ESP"]
[Date "2004.10.28"]
[Round "13.2"]
[White "Mahjoob, Zardast Morteza"]
[Black "Arlandi, Ennio"]
[Result "1/2-1/2"]
[WhiteElo "2455"]
[BlackElo "2440"]
[Annotator "ITA-IRI"]
[PlyCount "35"]
[EventDate "2004.10.15"]

1.e4 e5 2.Nf3 Nc6 3.Bb5 a6 4.Ba4 Nf6 5.O-O Be7 6.Re1 b5 7.Bb3 d6 8.c3 O-O 
9.h3 Na5 10.Bc2 c5 11.d4 Qc7 12.Nbd2 cxd4 13.cxd4 Nc6 14.Nb3 a5 15.d5 Nb4 
16.Bb1 a4 17.Nbd2 Bd7 18.a3 1/2-1/2

[Event "XXXVI Olimpiadi"]
[Site "Calvia' ESP"]
[Date "2004.10.28"]
[Round "13.3"]
[White "D'Amore, Carlo"]
[Black "Mallahi, Amir"]
[Result "1/2-1/2"]
[WhiteElo "2448"]
[BlackElo "2383"]
[Annotator "ITA-IRI"]
[PlyCount "39"]
[EventDate "2004.10.15"]

1.e4 c5 2.c3 d5 3.exd5 Qxd5 4.d4 cxd4 5.cxd4 Nc6 6.Nf3 e6 7.Nc3 Qd6 8.Bd3 
Nf6 9.a3 Be7 10.O-O O-O 11.Be3 b6 12.Qe2 Bb7 13.Rad1 Rfd8 14.Bb1 Rac8 15.
Bc1 h6 16.Rfe1 Bf8 17.Ba2 g6 18.d5 exd5 19.Nxd5 Nxd5 20.Bxd5 1/2-1/2

[Event "XXXVI Olimpiadi"]
[Site "Calvia' ESP"]
[Date "2004.10.28"]
[Round "13.4"]
[White "Ghane, Gardeh Shojaat"]
[Black "Borgo, Giulio"]
[Result "1-0"]
[WhiteElo "2376"]
[BlackElo "2388"]
[Annotator "ITA-IRI"]
[PlyCount "63"]
[EventDate "2004.10.15"]

1.d4 Nf6 2.Nf3 e6 3.e3 b6 4.Bd3 Bb7 5.Nbd2 c5 6.O-O Nc6 7.b3 cxd4 8.exd4 
d5 9.a3 Be7 10.Re1 O-O 11.Nf1 a5 12.c3 Ba6 13.Bb1 Bxf1 14.Kxf1 Qc7 15.Kg1 
Rfe8 16.Ra2 Na7 17.Qd3 a4 18.bxa4 Rec8 19.Rc2 Qc4 20.Qe3 Qxa4 21.Ne5 Nc6 
22.Nxf7 Kxf7 23.Qxe6+ Kf8 24.Rce2 Re8 25.Qf5 Kg8 26.Re6 g6 27.Qg5 Kf7 28.
Qh6 Rh8 29.Ba2 Rad8 30.Qe3 Rhe8 31.Qh3 Kg8 32.Bg5 1-0

[Event "V Festival A"]
[Site "Nichelino ITA"]
[Date "2004.10.07"]
[Round "1"]
[White "Berutti, Mario"]
[Black "Rotundo, Raffaele"]
[Result "0-1"]
[WhiteElo "1814"]
[BlackElo "2123"]
[PlyCount "60"]
[EventDate "2004.10.07"]

1. d4 d5 2. f4 Nf6 3. Nf3 Bf5 4. e3 e6 5. Bd3 Bxd3 6. cxd3 c5 7. dxc5 Bxc5 8.
O-O O-O 9. Kh1 Nc6 10. Nc3 a6 11. Qe1 d4 12. Na4 Ba7 13. e4 b5 14. Qh4 bxa4 15.
Ng5 h6 16. f5 Nh7 17. f6 Nxf6 18. Rf3 Ne5 19. Rg3 Ng6 20. Qh3 Qa5 21. Nf3 Qh5
22. e5 Qxh3 23. gxh3 Nd5 24. h4 Ngf4 25. Rg4 Nxd3 26. Rg3 Nxc1 27. Rxc1 d3 28.
Rd1 Rac8 29. Rxd3 Rc1+ 30. Kg2 Nf4# 0-1

[Event "V Festival A"]
[Site "Nichelino ITA"]
[Date "2004.10.07"]
[Round "1"]
[White "Castaldo, Folco"]
[Black "Gussone, Claudio"]
[Result "1-0"]
[WhiteElo "2361"]
[BlackElo "1980"]
[PlyCount "53"]
[EventDate "2004.10.07"]

1. Nf3 Nf6 2. c4 g6 3. Nc3 Bg7 4. e4 d6 5. d4 O-O 6. Be2 e5 7. d5 Na6 8. Nd2 c6
9. g4 Bh6 10. Nf1 Bxc1 11. Rxc1 c5 12. Ng3 h6 13. h4 Nc7 14. f3 a6 15. Qd2 Kg7
16. a4 Bd7 17. Kf2 Qe8 18. Rcg1 Rg8 19. a5 Rb8 20. Nd1 b5 21. Ne3 bxc4 22. g5
hxg5 23. hxg5 Nh7 24. Nxc4 Qe7 25. f4 exf4 26. Qxf4 Nb5 27. Rxh7+ 1-0

[Event "V Festival A"]
[Site "Nichelino ITA"]
[Date "2004.10.07"]
[Round "1"]
[White "Catana, Costel"]
[Black "Domenichelli, Serafino"]
[Result "0-1"]
[WhiteElo "2100"]
[BlackElo "1805"]
[PlyCount "56"]
[EventDate "2004.10.07"]

1. e4 e5 2. Nf3 Nc6 3. Bc4 Be7 4. d4 exd4 5. O-O d6 6. Nxd4 Nxd4 7. Qxd4 Nf6 8.
Nc3 O-O 9. Bf4 Be6 10. Rad1 Qc8 11. Rfe1 Rd8 12. h3 a6 13. a4 Nh5 14. Nd5 Qd7
15. Bd2 Nf6 16. Nxe7+ Qxe7 17. Bg5 Bxc4 18. Qxc4 h6 19. Bh4 Rac8 20. f4 Qe6 21.
Qb4 b6 22. e5 dxe5 23. Rxd8+ Rxd8 24. fxe5 Nd5 25. Qc4 Rd7 26. Qxa6 Qc6 27. Rd1
Ne3 28. Qc8+ Kh7 0-1

[Event "V Festival A"]
[Site "Nichelino ITA"]
[Date "2004.10.07"]
[Round "1"]
[White "D'Amato, Piergiorgio"]
[Black "Kidane, Robel"]
[Result "0-1"]
[WhiteElo "1789"]
[BlackElo "2095"]
[PlyCount "43"]
[EventDate "2004.10.07"]

1. e4 c5 2. d3 Nc6 3. Nc3 g6 4. g3 Bg7 5. Bg2 e6 6. Nge2 Nge7 7. O-O O-O 8. Rb1
d6 9. Be3 Rb8 10. Qd2 b5 11. Bh6 Qa5 12. Bxg7 Kxg7 13. a3 b4 14. axb4 cxb4 15.
Nd1 d5 16. Ne3 dxe4 17. Bxe4 Bb7 18. Ng4 f5 19. Ra1 Qb6 20. Qh6+ Kg8 21. Nf4
fxe4 22. dxe4 0-1

[Event "V Festival A"]
[Site "Nichelino ITA"]
[Date "2004.10.07"]
[Round "1"]
[White "Ferrario, Enrico"]
[Black "Racioppo, Paolo"]
[Result "0-1"]
[WhiteElo "1888"]
[BlackElo "2214"]
[PlyCount "72"]
[EventDate "2004.10.07"]

1. e4 c5 2. Nc3 a6 3. a4 d6 4. g3 g6 5. Bg2 Bg7 6. Nge2 Nc6 7. d3 Rb8 8. f4 e6
9. O-O Nge7 10. Be3 Nd4 11. Bf2 Nec6 12. Kh1 b5 13. e5 d5 14. axb5 axb5 15.
Nxd4 Nxd4 16. Bxd4 cxd4 17. Ne2 Qb6 18. Qd2 b4 19. Nc1 O-O 20. Nb3 f6 21. Qe2
fxe5 22. fxe5 Bd7 23. Rf4 Rxf4 24. gxf4 Rf8 25. Qg4 Rc8 26. Rc1 Rc7 27. h4 Ba4
28. Na1 b3 29. Bh3 Kf7 30. h5 bxc2 31. b3 Bb5 32. hxg6+ hxg6 33. Bf1 Qa6 34.
Nxc2 Bxd3 35. Ra1 Be4+ 36. Kh2 Rxc2+ 0-1

[Event "V Festival A"]
[Site "Nichelino ITA"]
[Date "2004.10.07"]
[Round "1"]
[White "Ferretti, Rolando"]
[Black "Malano, Francesco"]
[Result "1/2-1/2"]
[WhiteElo "1724"]
[BlackElo "2060"]
[PlyCount "94"]
[EventDate "2004.10.07"]

1. c4 e5 2. Nc3 d6 3. Nf3 f5 4. d3 Nf6 5. e4 Be7 6. Be2 O-O 7. O-O c5 8. a3 Nc6
9. h3 Nd4 10. Be3 Nxf3+ 11. Bxf3 f4 12. Bd2 Be6 13. Nd5 g5 14. Nxe7+ Qxe7 15.
b4 b6 16. Bc3 Qd7 17. bxc5 bxc5 18. Rb1 Rab8 19. Qe2 Kg7 20. Rb2 Rxb2 21. Qxb2
Kg6 22. Rb1 h5 23. Qb7 Rd8 24. Qxd7 Rxd7 25. Rb8 g4 26. hxg4 Bxg4 27. Bxg4 hxg4
28. a4 Kf7 29. a5 Ke7 30. a6 Ne8 31. Rb7 Ng7 32. Ba5 Ne6 33. Bb6 Nd8 34. Rxa7
Rxa7 35. Bxa7 Nc6 36. Bb6 Kd7 37. a7 Nxa7 38. Bxa7 Kc7 39. Kf1 Kb7 40. Bxc5
dxc5 41. Ke2 Kb6 42. Kd2 Ka5 43. Kc3 Ka4 44. Kc2 Kb4 45. Kb2 Ka4 46. Kc3 Ka3
47. Kc2 Kb4 1/2-1/2

[Event "V Festival A"]
[Site "Nichelino ITA"]
[Date "2004.10.07"]
[Round "1"]
[White "Fortino, Fabrizio"]
[Black "De Santis, Alessio"]
[Result "0-1"]
[WhiteElo "1918"]
[BlackElo "2268"]
[PlyCount "38"]
[EventDate "2004.10.07"]

1. e4 d6 2. d4 Nf6 3. Nc3 c6 4. f4 Qa5 5. Bd3 d5 6. Bd2 dxe4 7. Nxe4 Qd5 8.
Nxf6+ gxf6 9. Qe2 Bf5 10. Bc4 Qxd4 11. O-O-O Qc5 12. Be3 Qb4 13. Bd4 b5 14. Bb3
h5 15. Qe3 Nd7 16. a3 Qa5 17. Nf3 O-O-O 18. Bxf7 e5 19. fxe5 Bh6 0-1

[Event "V Festival A"]
[Site "Nichelino ITA"]
[Date "2004.10.07"]
[Round "1"]
[White "Lorusso, Giuseppe"]
[Black "Mrdja, Milan"]
[Result "0-1"]
[WhiteElo "1987"]
[BlackElo "2420"]
[PlyCount "39"]
[EventDate "2004.10.07"]

1. d4 c5 2. e3 Qc7 3. c4 d6 4. Nc3 Nf6 5. Nd5 Nxd5 6. cxd5 e6 7. Bd2 cxd4 8.
Qa4+ Nd7 9. Qxd4 Nf6 10. Bb5+ Bd7 11. Rc1 Qd8 12. Qd3 Be7 13. Bc3 O-O 14. Bxd7
Qxd7 15. Ne2 Qa4 16. a3 Rfc8 17. f3 Qb3 18. e4 Nd7 19. Nd4 Nc5 20. Qb5 0-1

[Event "V Festival A"]
[Site "Nichelino ITA"]
[Date "2004.10.07"]
[Round "1"]
[White "Matta, Francesca"]
[Black "Faraoni, Enrico"]
[Result "0-1"]
[WhiteElo "1857"]
[BlackElo "2162"]
[PlyCount "76"]
[EventDate "2004.10.07"]

1. d4 Nf6 2. c4 g6 3. Nc3 Bg7 4. e4 d6 5. Nf3 O-O 6. Be2 e5 7. d5 Nbd7 8. Bg5
a5 9. O-O Nc5 10. Nd2 h6 11. Bh4 Bd7 12. b3 Qe8 13. a3 Nh7 14. b4 Nxe4 15.
Ndxe4 f5 16. f3 g5 17. Bf2 Qg6 18. Ng3 h5 19. Rc1 axb4 20. axb4 h4 21. Nh1 Nf6
22. Qb3 Nh5 23. Rfe1 Nf4 24. Bf1 g4 25. fxg4 Bh6 26. Rc2 Qxg4 27. Ne2 Ba4 28.
Qc3 Bxc2 29. Nxf4 Ra2 30. Ne6 Rfa8 31. Be2 Qg6 32. c5 Be4 33. Bf1 Bd2 34. Qc4
Bxe1 35. Nxc7 Rc2 36. Qb5 Bxg2 37. Nxa8 Bxf2+ 38. Nxf2 Bf3+ 0-1

[Event "V Festival A"]
[Site "Nichelino ITA"]
[Date "2004.10.07"]
[Round "1"]
[White "Nardelli, Marco"]
[Black "Ferrero, Oscar"]
[Result "1-0"]
[WhiteElo "1999"]
[BlackElo "1711"]
[PlyCount "71"]
[EventDate "2004.10.07"]

1. d4 g6 2. c4 c6 3. Nc3 Bg7 4. e4 d6 5. Be3 Nf6 6. f3 Qc7 7. Qd2 a6 8. Bd3
Nbd7 9. Nge2 e5 10. O-O O-O 11. Rac1 Nh5 12. Bb1 f5 13. f4 Ndf6 14. fxe5 dxe5
15. exf5 exd4 16. Qxd4 Nd5 17. fxg6 Bxd4 18. gxh7+ Kg7 19. Rxf8 Bxe3+ 20. Kh1
Kxf8 21. h8=Q+ Ke7 22. Nxd5+ cxd5 23. Rf1 Nf4 24. Qh4+ Kd6 25. Nxf4 Qxc4 26.
Qf6+ Kc7 27. Bd3 Qd4 28. Qe7+ Kc6 29. Qe8+ Bd7 30. Qxa8 Bxf4 31. Bxa6 Qb4 32.
Qxb7+ Qxb7 33. Bxb7+ Kxb7 34. Rxf4 Bc6 35. Rf7+ Kb6 36. Rf6 1-0

[Event "V Festival A"]
[Site "Nichelino ITA"]
[Date "2004.10.07"]
[Round "1"]
[White "Paragua, Mark"]
[Black "Guglielmi, Nicolo'"]
[Result "1-0"]
[WhiteElo "2534"]
[BlackElo "1997"]
[PlyCount "41"]
[EventDate "2004.10.07"]

1. e4 c5 2. Nf3 e6 3. d4 cxd4 4. Nxd4 Nf6 5. Nc3 Nc6 6. Be2 Bb4 7. O-O Bxc3 8.
bxc3 Nxe4 9. Qd3 f5 10. Ba3 Kf7 11. Rad1 Qf6 12. Nb5 a6 13. Nd6+ Nxd6 14. Bxd6
Re8 15. Qh3 Kg8 16. Rd3 Qd8 17. Rg3 Qf6 18. Bf4 Kh8 19. Bh5 Rg8 20. Bg6 h6 21.
Bxh6 1-0

[Event "V Festival A"]
[Site "Nichelino ITA"]
[Date "2004.10.07"]
[Round "1"]
[White "Pulito, Alberto"]
[Black "Degrassi, Sergio"]
[Result "1-0"]
[WhiteElo "2136"]
[BlackElo "1826"]
[PlyCount "49"]
[EventDate "2004.10.07"]

1. e4 d5 2. exd5 Nf6 3. Bb5+ Nbd7 4. Nc3 a6 5. Bxd7+ Bxd7 6. d4 Bg4 7. f3 Bf5
8. Nge2 Nxd5 9. O-O Nb4 10. Ne4 e6 11. c3 Nc6 12. d5 Bxe4 13. fxe4 Bc5+ 14. Kh1
Ne7 15. Ng3 Qd7 16. b4 Ba7 17. Qd3 c5 18. Qf3 O-O 19. Be3 cxb4 20. Bxa7 Rxa7
21. cxb4 b5 22. Qc3 f6 23. Rac1 Kh8 24. Qc5 Rc8 25. Qxe7 1-0

[Event "V Festival A"]
[Site "Nichelino ITA"]
[Date "2004.10.07"]
[Round "1"]
[White "Ranieri, Fabrizio"]
[Black "Quagliana, Giuseppe"]
[Result "1/2-1/2"]
[WhiteElo "2213"]
[BlackElo "1879"]
[PlyCount "76"]
[EventDate "2004.10.07"]

1. e4 e6 2. d4 d5 3. Nc3 Bb4 4. e5 c5 5. a3 Bxc3+ 6. bxc3 Ne7 7. Nf3 b6 8. Bd3
Ba6 9. O-O Bxd3 10. cxd3 Nbc6 11. dxc5 bxc5 12. Qa4 Qa5 13. Qc2 Ng6 14. Bd2 Qc7
15. d4 c4 16. Ng5 h6 17. Nxe6 fxe6 18. Qxg6+ Qf7 19. Qg3 Na5 20. Ra2 Nb3 21.
Be3 Kd7 22. f4 g6 23. Qf3 h5 24. Bf2 h4 25. Qg4 Qf5 26. Qxf5 gxf5 27. h3 Rag8
28. Kh2 Kc6 29. Be1 Rh7 30. Rf3 Nc1 31. Ra1 Rhg7 32. g4 Nb3 33. Rd1 fxg4 34.
hxg4 Rxg4 35. Bf2 Rf8 36. Be3 Rfg8 37. Bf2 Rf8 38. Be3 Rfg8 1/2-1/2

[Event "V Festival A"]
[Site "Nichelino ITA"]
[Date "2004.10.07"]
[Round "1"]
[White "Sorcinelli, Francesco"]
[Black "Lissandrello, Luca"]
[Result "1-0"]
[WhiteElo "2086"]
[BlackElo "1730"]
[PlyCount "33"]
[EventDate "2004.10.07"]

1. e4 c5 2. Nf3 Nc6 3. Bb5 h6 4. Bxc6 bxc6 5. O-O Nf6 6. e5 Nd5 7. c4 Nc7 8. d4
cxd4 9. Qxd4 Ne6 10. Qh4 Rb8 11. b3 Qa5 12. Bd2 g5 13. Qh5 Qc5 14. Nxg5 Qxe5
15. Qxf7+ Kd8 16. Nxe6+ Qxe6 17. Ba5+ 1-0

[Event "V Festival A"]
[Site "Nichelino ITA"]
[Date "2004.10.07"]
[Round "1"]
[White "Stroppa, Daniel"]
[Black "Gaggino, Davide"]
[Result "1-0"]
[WhiteElo "2219"]
[BlackElo "1889"]
[PlyCount "79"]
[EventDate "2004.10.07"]

1. e3 e5 2. c4 Nf6 3. a3 a5 4. Nf3 d6 5. d4 e4 6. Nfd2 c6 7. Nc3 Bf5 8. Be2 Be7
9. g4 Bg6 10. g5 Nfd7 11. Ndxe4 h6 12. gxh6 Rxh6 13. Ng3 Na6 14. e4 Bg5 15. f4
Bh4 16. O-O f5 17. e5 Qc7 18. b4 O-O-O 19. b5 Nab8 20. Bf3 Rdh8 21. Be3 Bxg3
22. hxg3 Rh2 23. bxc6 bxc6 24. Bg2 Bh5 25. Qa4 Bg4 26. Rf2 dxe5 27. fxe5 Nc5
28. dxc5 Qxe5 29. Bf4 Qxc5 30. Qc2 Nd7 31. Na4 Qd4 32. Rb1 g5 33. Bxg5 Ne5 34.
Nb6+ Kc7 35. Bf4 Rxg2+ 36. Kxg2 Bh3+ 37. Kg1 Kd8 38. Bxe5 Qxe5 39. Qd2+ Ke7 40.
Re1 1-0

[Event "V Festival A"]
[Site "Nichelino ITA"]
[Date "2004.10.08"]
[Round "2"]
[White "De Santis, Alessio"]
[Black "Pulito, Alberto"]
[Result "1-0"]
[WhiteElo "2268"]
[BlackElo "2136"]
[PlyCount "57"]
[EventDate "2004.10.07"]

1. d4 d5 2. c4 e6 3. Nc3 Nf6 4. cxd5 exd5 5. Bg5 Be7 6. e3 c6 7. Qc2 O-O 8. Bd3
Nbd7 9. Nge2 Re8 10. O-O Nf8 11. f3 h6 12. Bh4 Ne6 13. Kh1 Ng5 14. Bxg5 hxg5
15. e4 Nh5 16. e5 Nf4 17. Nxf4 gxf4 18. g3 Bg5 19. Ne2 fxg3 20. hxg3 Re6 21.
Kg2 Be3 22. Rh1 Qb6 23. Bh7+ Kf8 24. Qd3 Bh6 25. f4 Re8 26. Qa3+ Re7 27. Rh4
Ke8 28. Bd3 Re6 29. Rah1 1-0

[Event "V Festival A"]
[Site "Nichelino ITA"]
[Date "2004.10.08"]
[Round "2"]
[White "Degrassi, Sergio"]
[Black "Ferrario, Enrico"]
[Result "0-1"]
[WhiteElo "1826"]
[BlackElo "1888"]
[PlyCount "125"]
[EventDate "2004.10.07"]

1. d4 Nc6 2. Nf3 d5 3. Bg5 f6 4. Bh4 Bf5 5. c3 Qd7 6. Bg3 h5 7. Nbd2 e6 8. e3
a6 9. Nb3 g5 10. h3 Qh7 11. Be2 O-O-O 12. Nc5 Bxc5 13. dxc5 Bc2 14. Qd2 e5 15.
Rc1 Ba4 16. b3 Bb5 17. Bxb5 axb5 18. Qe2 d4 19. Rd1 d3 20. Qb2 Qe4 21. a4 bxa4
22. bxa4 Qxa4 23. Ra1 Qc2 24. Qxc2 dxc2 25. Ke2 Nge7 26. Rhc1 Rd5 27. Rxc2 Rxc5
28. Ra8+ Nb8 29. Nd2 Nd5 30. Ne4 Rc4 31. Ra5 Rd8 32. Nd2 Rxc3 33. Rb2 Nb6 34.
Rab5 Na4 35. Ra2 Rcd3 36. Rxa4 Rxd2+ 37. Kf3 c6 38. Rb1 Na6 39. Rc1 Kc7 40. h4
R8d5 41. Rac4 gxh4 42. Rxh4 Nc5 43. Rxh5 Kd6 44. Rh6 Ke6 45. Bh4 e4+ 46. Kg3
Nd7 47. Rc4 Ke5 48. Kh3 Kf5 49. g4+ Ke6 50. Rxe4+ Re5 51. Rxe5+ Kxe5 52. Bg3+
Ke4 53. Rh7 Rd5 54. Re7+ Kf3 55. Bh4 b5 56. Re6 c5 57. Bxf6 c4 58. Bc3 Kxf2 59.
Kh4 Rd3 60. Bd4 b4 61. Rd6 Nf8 62. Rf6+ Ke2 63. Rxf8 0-1

[Event "V Festival A"]
[Site "Nichelino ITA"]
[Date "2004.10.08"]
[Round "2"]
[White "Domenichelli, Serafino"]
[Black "Nardelli, Marco"]
[Result "0-1"]
[WhiteElo "1805"]
[BlackElo "1999"]
[PlyCount "64"]
[EventDate "2004.10.07"]

1. e4 c5 2. Nf3 Nc6 3. d4 cxd4 4. Nxd4 Nf6 5. Nc3 e5 6. Nf3 Bb4 7. Bd3 O-O 8.
O-O Bxc3 9. bxc3 d6 10. Nd2 Bg4 11. f3 Be6 12. Ba3 Qa5 13. Bxd6 Rfd8 14. Bb4
Nxb4 15. cxb4 Qxb4 16. Qe2 Rac8 17. Rfb1 Qa4 18. Kh1 Qd4 19. Re1 Rd6 20. Qe3
Qxe3 21. Rxe3 Rc3 22. Kg1 Nd7 23. Kf2 Nc5 24. Ke2 Na4 25. g3 a6 26. f4 Bg4+ 27.
Kf2 Rxc2 28. Bxc2 Rxd2+ 29. Kg1 Rxc2 30. Rd3 g6 31. fxe5 Nc5 32. Rd4 Ne6 0-1

[Event "V Festival A"]
[Site "Nichelino ITA"]
[Date "2004.10.08"]
[Round "2"]
[White "Faraoni, Enrico"]
[Black "Stroppa, Daniel"]
[Result "0-1"]
[WhiteElo "2162"]
[BlackElo "2219"]
[PlyCount "121"]
[EventDate "2004.10.07"]

1. e4 d6 2. d4 Nf6 3. Nc3 g6 4. f4 Bg7 5. Nf3 c5 6. dxc5 Qa5 7. Bd3 Qxc5 8. Qe2
Bg4 9. Be3 Qa5 10. O-O O-O 11. h3 Bxf3 12. Qxf3 Nc6 13. a3 Nd7 14. Bd2 Qd8 15.
Kh1 Nc5 16. Rab1 a6 17. Ne2 Na4 18. Qg3 Nxb2 19. f5 b5 20. f6 Bxf6 21. Rxf6
Nxd3 22. cxd3 exf6 23. Nf4 f5 24. Nd5 f6 25. exf5 g5 26. Re1 Ne5 27. d4 Nc4 28.
Re7 Kh8 29. Qg4 Rg8 30. Qe2 Rg7 31. Re6 Nxd2 32. Qxd2 Rf7 33. h4 Qf8 34. hxg5
fxg5 35. f6 Re8 36. Rxe8 Qxe8 37. Qxg5 Qe6 38. Qh5 Rxf6 39. Nxf6 Qxf6 40. Qe8+
Kg7 41. Qd7+ Kh6 42. Qh3+ Kg7 43. Qg4+ Kf7 44. Qd7+ Qe7 45. Qf5+ Kg7 46. Qg4+
Kf8 47. Qc8+ Qe8 48. Qf5+ Kg7 49. Qg4+ Qg6 50. Qd7+ Kh6 51. Kg1 Qf6 52. Qh3+
Kg6 53. Qg4+ Kh6 54. Qh3+ Kg5 55. Qe3+ Kf5 56. Qd3+ Ke6 57. d5+ Ke5 58. Qxh7
Qg5 59. Qh8+ Qf6 60. Qh2+ Qf4 61. g3 0-1

[Event "V Festival A"]
[Site "Nichelino ITA"]
[Date "2004.10.08"]
[Round "2"]
[White "Ferrero, Oscar"]
[Black "Lorusso, Giuseppe"]
[Result "1/2-1/2"]
[WhiteElo "1711"]
[BlackElo "1987"]
[PlyCount "80"]
[EventDate "2004.10.07"]

1. e4 c5 2. d3 Nc6 3. g3 g6 4. Bg2 Bg7 5. f4 d6 6. Nf3 e6 7. O-O Nge7 8. c3 O-O
9. Be3 f5 10. Nbd2 b6 11. Re1 e5 12. Qb3+ d5 13. exd5 Na5 14. Qc2 exf4 15. Bxf4
Nxd5 16. Bg5 Nf6 17. Ne5 Bb7 18. Bxb7 Nxb7 19. Qb3+ Qd5 20. Bxf6 Qxb3 21. Nxb3
Rxf6 22. Nf3 Rd8 23. Rad1 Rfd6 24. Re7 R6d7 25. Rxd7 Rxd7 26. d4 cxd4 27. Nbxd4
Nc5 28. Re1 Bf6 29. Re8+ Kf7 30. Re2 Ne4 31. Nc6 Re7 32. Ncd4 a6 33. Kf1 h6 34.
Nd2 Nxd2+ 35. Rxd2 Rd7 36. Nf3 Rxd2 37. Nxd2 b5 38. Nf3 Ke6 39. Ke2 Kd5 40. Kd3
g5 1/2-1/2

[Event "V Festival A"]
[Site "Nichelino ITA"]
[Date "2004.10.08"]
[Round "2"]
[White "Gaggino, Davide"]
[Black "Matta, Francesca"]
[Result "1/2-1/2"]
[WhiteElo "1889"]
[BlackElo "1857"]
[PlyCount "61"]
[EventDate "2004.10.07"]

1. Nf3 Nf6 2. g3 d5 3. Bg2 c6 4. O-O Bf5 5. d3 h6 6. Nbd2 Nbd7 7. Re1 e5 8. e4
dxe4 9. dxe4 Bg6 10. Nh4 Bh7 11. Nc4 Qc7 12. Bd2 Bc5 13. b4 Be7 14. Nf5 Bxf5
15. exf5 Nd5 16. a3 O-O 17. Qe2 Bf6 18. Ne3 N7b6 19. c4 Nxe3 20. Bxe3 Rfd8 21.
Rad1 Rxd1 22. Rxd1 Rd8 23. Rxd8+ Qxd8 24. Be4 Bg5 25. b5 Bxe3 26. fxe3 Qd6 27.
Qd3 Qxd3 28. Bxd3 cxb5 29. cxb5 Nd5 30. Kf2 Kf8 31. Be4 1/2-1/2